| 000 | 01677cam a2200289 ab4500 | ||
|---|---|---|---|
| 999 |
_c5389 _d5389 |
||
| 001 | 432305 | ||
| 003 | OSt | ||
| 005 | 20250910083323.0 | ||
| 008 | 240630s2023 enk e 000 1 eng d | ||
| 020 |
_a9780349132600 _q(pbk.) |
||
| 040 |
_aTT _beng _dTTCT _eAACR2 _cKH8 |
||
| 042 | _anbic | ||
| 082 | _aFIC MCF | ||
| 100 | 1 |
_aMcFadden, Freida, _eauthor. |
|
| 245 | 1 | 4 |
_aThe housemaid's secret / _cFreida McFadden. |
| 260 |
_aLondon : _bBookouture, _cc2023. |
||
| 300 |
_a346 p. ; _c20 cm. |
||
| 490 | 1 |
_aHousemaid ; _v[2] |
|
| 520 |
_a"It's hard to find an employer who doesn't ask too many questions about my past. So I thank my lucky stars that the Garricks miraculously give me a job, cleaning their stunning penthouse with views across the city and preparing fancy meals in their shiny kitchen. I can work here for a while, stay quiet until I get what I want. It's almost perfect. But I still haven't met Mrs Garrick, or seen inside the guest bedroom. I'm sure I hear her crying. I notice spots of blood around the neck of her white nightgowns when I'm doing laundry. And one day I can't help but knock on the door. When it gently swings open, what I see inside changes everything ... That's when I make a promise. After all, I've done this before. I can protect Mrs Garrick while keeping my own secrets locked up safe. Douglas Garrick has done wrong. He is going to pay. It's simply a question of how far I'm willing to go ..."-- _cProvided by publisher. |
||
| 650 | 0 |
_aHousehold employees _vFiction. |
|
| 650 | 0 |
_aSecrecy _vFiction. |
|
| 650 | 0 |
_aFamilies _vFiction. |
|
| 653 | _a青少年 | ||
| 653 | _a英語學習 | ||
| 830 | 0 |
_aHousemaid ; _v[2] |
|
| 942 |
_2ddc _cFIC |
||